[Event "Hradec Kralove Region-chT 2223"]
[Site "Czech Republic"]
[Date "2022.11.27"]
[Round "4.8"]
[White "Rambousek, Josef"]
[Black "Majoros, Kamil"]
[Result "1-0"]
[WhiteElo "1738"]
[BlackElo "1347"]
[PlyCount "53"]
[EventDate "2022.10.09"]
[EventType "team-tourn"]
[EventRounds "11"]
[EventCountry "CZE"]
[SourceTitle "EXT 2024"]
[Source "ChessBase"]
[SourceDate "2023.10.10"]
[SourceVersion "1"]
[SourceVersionDate "2023.10.10"]
[SourceQuality "1"]

1. Nf3 Nc6 2. d4 d5 3. c4 e6 4. Nc3 Nf6 5. Bg5 Be7 6. e3 h6 7. Bh4 g5 8. Bg3 Ne4 9. Ne5 Bb4 10. Rc1 Qf6 11. Nxc6 bxc6 12. Be2 Bd6 13. Nxe4 dxe4 14. 0-0 0-0 15. Qc2 c5 16. Qxe4 Bd7 17. Bd3 Qg7 18. dxc5 f5 19. Qd4 Bxg3 20. Qxg7+ Kxg7 21. hxg3 Rh8 22. Rfd1 Kf6 23. Bxf5 Rad8 24. Be4 h5 25. Rd2 Ba4 26. Rxd8 Rxd8 27. b3 1-0